<?xml version="1.0" encoding="UTF-8"?>
<record
    xmlns:xsi="http://www.w3.org/2001/XMLSchema-instance"
    xsi:schemaLocation="http://www.loc.gov/MARC21/slim http://www.loc.gov/standards/marcxml/schema/MARC21slim.xsd"
    xmlns="http://www.loc.gov/MARC21/slim">

  <leader>01909nam a22002657a 4500</leader>
  <controlfield tag="005">20220915090700.0</controlfield>
  <controlfield tag="008">220913b           ||||| |||| 00| 0 eng d</controlfield>
  <datafield tag="020" ind1=" " ind2=" ">
    <subfield code="a">9789354911828</subfield>
  </datafield>
  <datafield tag="040" ind1=" " ind2=" ">
    <subfield code="c">AL</subfield>
  </datafield>
  <datafield tag="041" ind1=" " ind2=" ">
    <subfield code="a">eng</subfield>
  </datafield>
  <datafield tag="082" ind1=" " ind2=" ">
    <subfield code="2">23</subfield>
    <subfield code="a">954.03</subfield>
    <subfield code="b">HANU</subfield>
  </datafield>
  <datafield tag="100" ind1=" " ind2=" ">
    <subfield code="a">Shukhdeba Sharma Hanjabam</subfield>
    <subfield code="9">57532</subfield>
  </datafield>
  <datafield tag="100" ind1=" " ind2=" ">
    <subfield code="d">Aheibam Koireng Singh</subfield>
    <subfield code="9">57257</subfield>
  </datafield>
  <datafield tag="245" ind1=" " ind2=" ">
    <subfield code="a">Unsung Anglo Manipur war heroes at Kalapani</subfield>
  </datafield>
  <datafield tag="260" ind1=" " ind2=" ">
    <subfield code="a">New Delhi</subfield>
    <subfield code="b">National Book Trust</subfield>
    <subfield code="c">2022</subfield>
  </datafield>
  <datafield tag="300" ind1=" " ind2=" ">
    <subfield code="a">xxiv,147p.</subfield>
    <subfield code="b">PB</subfield>
    <subfield code="c">19x14cm.</subfield>
  </datafield>
  <datafield tag="365" ind1=" " ind2=" ">
    <subfield code="2">Sociology</subfield>
    <subfield code="a">BLCR-000075</subfield>
    <subfield code="b">152.00</subfield>
    <subfield code="c">&#x20B9;</subfield>
    <subfield code="d">190.00</subfield>
    <subfield code="e">20%</subfield>
    <subfield code="f">01-09-2022</subfield>
  </datafield>
  <datafield tag="440" ind1=" " ind2=" ">
    <subfield code="a">India@75 series</subfield>
    <subfield code="9">57533</subfield>
  </datafield>
  <datafield tag="520" ind1=" " ind2=" ">
    <subfield code="a">Manipur&#x2019;s fight against the British forms an integral part of a series of struggles which the freedom loving people of India fought in different forms and in different parts of this country, he said. &#x201C;The heroic people of Manipur fought shoulder to shoulder with their fellow countrymen for freedom of our motherland. Manipur&#x2019;s last war of Independence in 1981 is a testimony to this,&#x201D; he maintained.
Governor Ganesan further said that after the defeat at Anglo-Manipur War in 1891, Maharaj Kulachandra and many other prominent leaders including Yuvraj Tikendrajit and Thangal General were also arrested and charged for waging war against the Queen Empress and abatement of murdering British Officers. Five of them were hanged and 23 people including Maharaj Kulachandra were transported for life at Kalapani, Andaman, he said. 
The transported Manipuri war heroes from Manipur were believed to have interned at a Bungalow at Mount Harriet now called Mount Manipur. They faced the horrific torture for the sake of Independence which is worth mentioning in these days, he said. </subfield>
  </datafield>
  <datafield tag="650" ind1=" " ind2=" ">
    <subfield code="a">Freedom Fighters</subfield>
    <subfield code="9">57258</subfield>
  </datafield>
  <datafield tag="650" ind1=" " ind2=" ">
    <subfield code="a">Indian History</subfield>
    <subfield code="9">57259</subfield>
  </datafield>
  <datafield tag="700" ind1=" " ind2=" ">
    <subfield code="a">HANJABAM (Shukhdeba Sharma)</subfield>
    <subfield code="9">57260</subfield>
  </datafield>
  <datafield tag="700" ind1=" " ind2=" ">
    <subfield code="a">SINGH (Aheibam Koireng)</subfield>
    <subfield code="9">57261</subfield>
  </datafield>
  <datafield tag="942" ind1=" " ind2=" ">
    <subfield code="2">ddc</subfield>
    <subfield code="c">BK</subfield>
  </datafield>
  <datafield tag="999" ind1=" " ind2=" ">
    <subfield code="c">224589</subfield>
    <subfield code="d">224589</subfield>
  </datafield>
  <datafield tag="952" ind1=" " ind2=" ">
    <subfield code="0">0</subfield>
    <subfield code="1">0</subfield>
    <subfield code="2">ddc</subfield>
    <subfield code="4">0</subfield>
    <subfield code="7">0</subfield>
    <subfield code="8">SOC</subfield>
    <subfield code="a">AL</subfield>
    <subfield code="b">AL</subfield>
    <subfield code="d">2022-09-01</subfield>
    <subfield code="e">Navakarnataka Publications Pvt.Ltd.</subfield>
    <subfield code="g">152.00</subfield>
    <subfield code="l">1</subfield>
    <subfield code="o">954.03 HANU</subfield>
    <subfield code="p">076049</subfield>
    <subfield code="r">2025-08-29 09:10:10</subfield>
    <subfield code="s">2025-08-22</subfield>
    <subfield code="v">190.00</subfield>
    <subfield code="w">2022-09-13</subfield>
    <subfield code="y">BK</subfield>
  </datafield>
</record>
